<?xml version="1.0" encoding="UTF-8"?><?xml-stylesheet type="text/xsl" href="static/style.xsl"?><OAI-PMH xmlns="http://www.openarchives.org/OAI/2.0/" xmlns:xsi="http://www.w3.org/2001/XMLSchema-instance" xsi:schemaLocation="http://www.openarchives.org/OAI/2.0/ http://www.openarchives.org/OAI/2.0/OAI-PMH.xsd"><responseDate>2026-04-26T22:07:21Z</responseDate><request verb="GetRecord" identifier="oai:uvadoc.uva.es:10324/3465" metadataPrefix="marc">https://uvadoc.uva.es/oai/request</request><GetRecord><record><header><identifier>oai:uvadoc.uva.es:10324/3465</identifier><datestamp>2021-06-29T09:34:31Z</datestamp><setSpec>com_10324_38</setSpec><setSpec>col_10324_852</setSpec></header><metadata><record xmlns="http://www.loc.gov/MARC21/slim" xmlns:doc="http://www.lyncode.com/xoai" xmlns:xsi="http://www.w3.org/2001/XMLSchema-instance" xmlns:dcterms="http://purl.org/dc/terms/" xsi:schemaLocation="http://www.loc.gov/MARC21/slim http://www.loc.gov/standards/marcxml/schema/MARC21slim.xsd">
<leader>00925njm 22002777a 4500</leader>
<datafield tag="042" ind1=" " ind2=" ">
<subfield code="a">dc</subfield>
</datafield>
<datafield tag="720" ind1=" " ind2=" ">
<subfield code="a">García Burguillo, Laura</subfield>
<subfield code="e">author</subfield>
</datafield>
<datafield tag="260" ind1=" " ind2=" ">
<subfield code="c">2013</subfield>
</datafield>
<datafield tag="520" ind1=" " ind2=" ">
<subfield code="a">Es una intervención que se ha realizado en un aula de Educación Infantil, concretamente con niños de 4/5 años, aplicando las Actividades Físicas en el Medio Natural (AFMN). Lo que se ha pretendido conseguir principalmente, ha sido conocer los beneficios que aportan las AFMN al desarrollo de los niños, y a partir de ahí, elaborar un decálogo que nos ayude a poner en práctica este tipo de actividades en nuestras aulas. Es una propuesta de intervención educativa en la que a través de 3 sesiones continuadas se ha proporcionado a los niños un primer contacto con las AFMN, consiguiendo que los niños se hayan divertido, que hayan trabajado en equipo y hayan aprendido cosas nuevas. Desde nuestro punto de vista, hemos podido observar cómo los niños interactúan con el medio y aprenden de forma autónoma, a través de la experimentación, de ahí que destaquemos la importancia de las AFMN y la necesidad de que se practiquen desde las primeras edades de estudiante</subfield>
</datafield>
<datafield tag="024" ind2=" " ind1="8">
<subfield code="a">http://uvadoc.uva.es/handle/10324/3465</subfield>
</datafield>
<datafield ind1=" " ind2=" " tag="653">
<subfield code="a">Educación física-Estudio y enseñanza</subfield>
</datafield>
<datafield ind1=" " ind2=" " tag="653">
<subfield code="a">Educación ambiental-Estudio y enseñanza</subfield>
</datafield>
<datafield tag="245" ind1="0" ind2="0">
<subfield code="a">Actividades físicas en el medio natural: una experiencia con las AFMN en un aula de Educación Infantil</subfield>
</datafield>
</record></metadata></record></GetRecord></OAI-PMH>